| 000 | 00405nam a2200169Ia 4500 | ||
|---|---|---|---|
| 003 | OSt | ||
| 005 | 20240130104256.0 | ||
| 008 | 170619s9999 xx 000 0 und d | ||
| 020 | _a9780070585119 | ||
| 040 | _cIIMT ENGINEERING COLLEGE | ||
| 100 | _aSpiro- Stanton Rich | ||
| 245 | 0 | _aManagement of a sales force | |
| 260 | _bNew Delhi T M H | ||
| 260 | _c2006 | ||
| 546 | _aENGLISH | ||
| 942 |
_2ddc _c02 |
||
| 999 |
_c22265 _d22265 |
||